000 01269 a2200265 4500
020 _a978-0-387-28769-0
040 _aDLC
_bDLC
082 _a515
100 1 _aAtkinson, Kendall.
245 1 0 _aTheoretical Numerical Analysis: electronic resource: A Functional Analysis Framework
_helectronic resource
_bA Functional Analysis Framework
_cKendall Atkinson, Weimin Han.
260 _aNew York, NY :
_bSpringer Science+Business Media, LLC,
_c2005.
300 _bv.: digital
440 0 _aTexts in Applied Mathematics,
_v39
650 0 _aFunctional analysis
650 0 _aFunctional analysis
650 0 _aFunktionalanalys
650 0 _aNumerisk analys
650 0 _aFunctional analysis
700 1 _aHan, Weimin.
710 2 _aSpringerLink (Online service)
856 4 0 _uhttp://www.lub.lu.se/cgi-bin/ipchk/http://dx.doi.org/10.1007/978-0-387-28769-0
856 4 0 _uhttp://link.libris.kb.se/sfxumub?url_ver=Z39.88-2004&ctx_ver=Z39.88-2004&ctx_enc=info:ofi/enc:UTF-8&rfr_id=info:sid/sfxit.com:opac_856&url_ctx_fmt=info:ofi/fmt:kev:mtx:ctx&sfx.ignore_date_threshold=1&rft.object_id=1000000000227871&svc_val_fmt=info:ofi/fmt:kev:mtx:sch_svc&
856 4 0 _uhttp://ezproxy.its.uu.se/login?url=http://dx.doi.org/10.1007/978-0-387-28769-0
942 _cBK
_k515 ATK
_2ddc
999 _c7561
_d7561